000 00859cam a22002657a 4500
003 CHAP
005 20220329142229.0
008 000309d1997 mx r 00110 spa d
010 _a80235
011 _a81207
035 _a91672
040 _cCHAP
090 _aFolleto 15665
110 2 _aNational Institute of Agricultural Botany. Cambridge, England
_980354
245 1 0 _aSugar beet variety leaflet
_c/by National Institute of Agricultural Botany
260 _aLinton, Cambridge :
_bNational Institute of Agricultural Botany,
_c1997.
300 _a15 p.
590 _aBATCH-UPD
_b10
_c20130110
_lUCH01
_h2311
590 _aCONVERSION
_b10
_c20130109
_lUCH01
_h1345
650 1 4 _aRemolacha azucarera
_xVariedades.
_995878
901 _aBK
905 _aAlejandra Carrasco M.
942 _cFOLL
949 _aFolleto 15665
_bBC
_cFOLL
_d916721
_eTS1
_i91672
_sb
999 _c80235
_d80235